000 00273nam a2200133Ia 4500
100 _aVigyan Ashram
650 _aGeneral
942 _cRB
654 _aWheel- Barrow
245 _aWheel -Barrow
260 _bVigyan Ashram
_aPune
_c1993
546 _aENGLISH
999 _c33219
_d33219